Catálogo
 En Linea

Discurso leido por el Lic. Nestor Contín Aybar presidente de la Suprema Corte de Justicia en la solemne apertura de los tribunales celebrada el 7 de enero de 1980 / (Registro nro. 28350)

Detalles MARC
000 -CABECERA
campo de control de longitud fija 00635nam a2200169 a 4500
001 - NÚMERO DE CONTROL
campo de control 000028858
005 - FECHA Y HORA DE LA ÚLTIMA TRANSACCIÓN
campo de control 20200930055200.0
008 - DATOS DE LONGITUD FIJA--INFORMACIÓN GENERAL
campo de control de longitud fija 110412s1980 dr 000 0 spa d
040 ## - FUENTE DE LA CATALOGACIÓN
Centro catalogador/agencia de origen DO-SdBNP
Lengua de catalogación spa
Centro/agencia transcriptor BNPHU
082 ## - NÚMERO DE LA CLASIFICACIÓN DECIMAL DEWEY
Número de clasificación xxx
Número de documento/Ítem C762d
049 ## - FONDOS LOCALES (OCLC)
Fondos de biblioteca BNPD
100 1# - ENTRADA PRINCIPAL--NOMBRE DE PERSONA
Nombre de persona Contín Aybar, Nestor
9 (RLIN) 10408
245 10 - MENCIÓN DE TÍTULO
Título Discurso leido por el Lic. Nestor Contín Aybar presidente de la Suprema Corte de Justicia en la solemne apertura de los tribunales celebrada el 7 de enero de 1980 /
Mención de responsabilidad, etc. Nestor Contín Aybar.
260 ## - PUBLICACIÓN, DISTRIBUCIÓN, ETC.
Lugar de publicación, distribución, etc. Santo Domingo :
Nombre del editor, distribuidor, etc. Editora del Caribe,
Fecha de publicación, distribución, etc. 1980.
300 ## - DESCRIPCIÓN FÍSICA
Extensión 22 p. ;
Dimensiones 22 cm.
710 2# - PUNTO DE ACCESO ADICIONAL--NOMBRE DE ENTIDAD CORPORATIVA
Nombre de entidad corporativa o nombre de jurisdicción como elemento de entrada Suprema Corte de Justicia
9 (RLIN) 35963
Existencias
Estado de retiro Estado de pérdida Restricciones de uso No para préstamo Código de colección Localización permanente Ubicación/localización actual Ubicación en estantería Fecha de adquisición Número de inventario Total de préstamos Signatura topográfica completa Código de barras Fecha visto por última vez Número de copia Precio válido a partir de Tipo de ítem Koha
  Extraviado     Dominicana de Servicio General General Extraviado 08.06.2011 LF1   xxx C762d 28858-30 25.06.2020 e. 3 25.06.2020 Libro y Folleto Colección Dominicana de Servicio
  Extraviado     Dominicana de Servicio General General Extraviado 08.06.2011 LF1   xxx C762d 28858-40 25.06.2020 e. 4 25.06.2020 Libro y Folleto Colección Dominicana de Servicio
      Excluido de préstamo Patrimonio Dominicano Patrimonio Dominicano Patrimonio Dominicano En catalogación 12.04.2011 LF1   xxx C762d 28858-10 25.06.2020   25.06.2020 Libro y Folleto Colección Patrimonio Dominicano
      Excluido de préstamo Patrimonio Dominicano Patrimonio Dominicano Patrimonio Dominicano En catalogación 14.04.2011 LF1   xxx C762d 28858-20 25.06.2020 e. 2 25.06.2020 Libro y Folleto Colección Patrimonio Dominicano

Con tecnología Koha